000 00441nam a2200181Ia 4500
001 550
005 20260306140526.0
008 260306t2002||||xx |||||||||||||| ||spa||
041 _aESP
082 _a128
_bA77
100 _aArregui, J. Vicente
_eAUT
245 0 _aFilosofía del hombre :
_buna antropología de la intimidad
260 _c2002
300 _a506 páginas :
_c
650 _aGEN
654 _aCHU
942 _cLIB
_dJUS
_fJUS
_2ddc
_n
999 _c550
_d550